[Event "Balatonlelle op-B"]
[Site "Balatonlelle"]
[Date "2006.06.21"]
[Round "5.21"]
[White "Savignoni, Eric"]
[Black "Dlauchy, Peter"]
[Result "0-1"]
[WhiteElo "1874"]
[BlackElo "2014"]
[PlyCount "72"]
[EventDate "2006.06.17"]
[EventType "swiss"]
[EventRounds "9"]
[EventCountry "HUN"]
[SourceTitle "EXT 2007"]
[Source "ChessBase"]
[SourceDate "2006.11.23"]
[SourceVersion "1"]
[SourceVersionDate "2006.11.23"]
[SourceQuality "1"]

1. c4 Nf6 2. Nc3 d5 3. d4 e6 4. Nf3 Nbd7 5. c5 c6 6. b4 b6 7. Rb1 bxc5 8. bxc5 Ba6 9. Qa4 Qc8 10. Bf4 Nh5 11. Bg3 Nxg3 12. hxg3 Be7 13. e3 Bxf1 14. Kxf1 f5 15. Ne2 Bf6 16. Nf4 Kf7 17. Nd3 Qc7 18. Ke2 h6 19. Nb4 Rhc8 20. Na6 Qd8 21. Rb7 Kg8 22. Rhb1 e5 23. dxe5 Bxe5 24. Nxe5 Nxe5 25. Qd4 Nf7 26. Qf4 g6 27. a4 Qf8 28. Qd4 Qd8 29. g4 Qa5 30. Nb4 Rc7 31. Nd3 Rac8 32. gxf5 gxf5 33. Kf3 Rxb7 34. Rxb7 Qd8 35. Rxa7 Qg5 36. Nf4 Qg4# 0-1